Konštrukčná keramika s vysokou elektrickou vodivosťou dizertačná práca
Na minha lista:
| Autor principal: | |
|---|---|
| Formato: | Livro |
| Idioma: | eslovaco |
| Publicado em: |
Bratislava
STU FCHPT
2011
|
| Acesso em linha: | View in OPAC |
| Tags: |
Sem tags, seja o primeiro a adicionar uma tag!
|
MARC
| LEADER | 00000nam a2200000 a 4500 | ||
|---|---|---|---|
| 005 | 20260127134007.0 | ||
| 008 | 141027 2011 000 0 slo d | ||
| 035 | |a vtls010630876 | ||
| 039 | 9 | |y 201410271055 |z mschk03 | |
| 040 | |a STUSCHK1 |b slo |c STUSCHK1 |e AACR2 | ||
| 100 | 1 | |a Frajkorová, Františka | |
| 245 | 1 | |a Konštrukčná keramika s vysokou elektrickou vodivosťou |b dizertačná práca |c Františka Frajkorová | |
| 260 | |a Bratislava |b STU FCHPT |c 2011 | ||
| 300 | |a 89 s. |b il. |c 30 cm | ||
| 500 | |a Štud. program: anorganické technológie a materiály | ||
| 500 | |a Štud. odbor: anorganická technológia a materiály | ||
| 500 | |a Školiace pracovisko: Odd. anorganickej technológie | ||
| 500 | |a Evid. číslo: FCHPT-20524-53174 | ||
| 910 | |a SCHK95 | ||
| 999 | |c 1691 |d 1691 | ||